000 00942namaa2200253 4500
001 173510
003 ES-MaACL
005 20230906215247.0
008 091203s1983 sp |||| | spa d
020 _a84-86003-35-0
040 _aIBH
_bspa
_cSpMaBN
_erdc
080 0 _a61"19"(04)
100 1 _aBarraquer Bordas, L.
_925855
245 1 3 _aLa medicina
_b: actualidad y reflexiones /
_cLl. Barraquer-Bordas, con la colaboración de F.G. Valdecasas ... [et al.] ; introducción en forma de carta por Pedro Laín Entralgo.
260 0 _aBarcelona :
_bHumanitas,
_c[1983]
300 _a310 p. ;
_c21 cm.
490 1 _aBiblioteca Humanitas. Serie El Saber
650 4 _aMedicina-
_yS.XX.
_9141714
700 1 _aLaín Entralgo, Pedro,
_d1908-2001
_969681
700 0 _aValdecasas, F.G.
_9112482
830 0 _aBiblioteca Humanitas. Serie El Saber
_9223557
852 1 _aBA
_jE-13234
_z.- Donativo doctor Calles
999 _c173510
_d173510